000 01591nam a2200301Ia 4500
999 _c34641
_d34641
001 406
003 GE_BSU
005 20200131120108.0
008 181216s2007||||ge |||||||||||||| ||geo||
020 _a9789994065929
040 _cGE_BSU
041 _ageo
080 _a616.5:616.89 გ-19
100 _aგამყრელიძე, შოთა
_96606
245 _aფსიქოდერმატოლოგია :
_bფსიქიკ. და დერმატოლ. დაავადებათა კომორბიდული ურთიერთობის კლინიკა და მკურნალობის საკითხები /
_cშოთა გამყრელიძე, ნინო ცისკარიშვილი ; [რედ.: ალექსანდრე კაციტაძე, მანანა უკლება].
264 _aთბილისი :
_bცოდნა,
_c2007.
300 _a180 გვ.;
_b19 სმ.
504 _a ბიბლიოგრ.: გვ. 166-177.
520 _aრეზ. რუს. და ინგლ. ენ.
541 _h20 ლ.
653 _a დერმატოლოგია
653 _aფსიქიატრია
653 _aფსიქოდერმატოლოგია
700 _aცისკარიშვილი, ნინო
_eავტორი
_96607
700 _aკაციტაძე, ალექსანდრე
_96608
700 _aუკლება, მანანა
_eრედაქტორი
_96609
942 _cBK
_2udc